<?xml version="1.0" encoding="UTF-8"?>
<marc:record xmlns:marc="http://www.loc.gov/MARC21/slim">
   <marc:leader>00000nam a2200000 a 4500</marc:leader>
   <marc:datafield ind1="1" ind2=" " tag="100">
      <marc:subfield code="a">Blanck, Ulf</marc:subfield>
      <marc:subfield code="4">aut</marc:subfield>
      <marc:subfield code="e">Verfasser/-in</marc:subfield>
   </marc:datafield>
   <marc:datafield ind1="1" ind2=" " tag="100">
      <marc:subfield code="a">Armbruster, Marco</marc:subfield>
   </marc:datafield>
   <marc:datafield ind1=" " ind2=" " tag="653">
      <marc:subfield code="a">Krimi</marc:subfield>
   </marc:datafield>
   <marc:datafield ind1=" " ind2=" " tag="653">
      <marc:subfield code="a">Detektiv</marc:subfield>
   </marc:datafield>
   <marc:datafield ind1="0" ind2="0" tag="245">
      <marc:subfield code="a">Radio Rocky Beach</marc:subfield>
   </marc:datafield>
   <marc:datafield ind1="0" ind2="0" tag="245">
      <marc:subfield code="c">Ulf Blanck. Mit Ill. von Marco Armbruster</marc:subfield>
   </marc:datafield>
   <marc:datafield ind1=" " ind2="1" tag="264">
      <marc:subfield code="a">Stuttgart</marc:subfield>
      <marc:subfield code="b">Kosmos</marc:subfield>
      <marc:subfield code="c">2022</marc:subfield>
   </marc:datafield>
   <marc:datafield ind1="1" ind2=" " tag="490">
      <marc:subfield code="a">¬Die¬ drei Fragezeichen - Kids</marc:subfield>
      <marc:subfield code="v">02</marc:subfield>
   </marc:datafield>
   <marc:datafield ind1=" " ind2=" " tag="250">
      <marc:subfield code="a">3. Auflage</marc:subfield>
   </marc:datafield>
   <marc:datafield ind1="1" ind2=" " tag="520">
      <marc:subfield code="a">Justus, Peter und Bob sind beste Freunde und Detektive! Zusammen haben die drei ??? schon viele knifflige Fälle gelöst.Immer auf der richtigen Welle: "Radio Rocky Beach" ist der heißeste Sender der Stadt. Doch immer, wenn DJ Wolfman abends auf Sendung geht, wird irgendwo eingebrochen. Justus ist sicher: Da muss es einen Zusammenhang geben. Aber wie sollen sie vorgehen? Ah, eine Idee: Sie wollen den Übeltätern dazwischenfunken. Doch dazu müssten sie den Piratensender erstmal finden. Die Suche führt die drei Detektive in ein verlassenes Gefängnis ... und in ein gefährliches Abenteuer.</marc:subfield>
   </marc:datafield>
   <marc:datafield ind1=" " ind2=" " tag="020">
      <marc:subfield code="a">9783440173022</marc:subfield>
      <marc:subfield code="9">9783440173022</marc:subfield>
   </marc:datafield>
   <marc:datafield ind1=" " ind2=" " tag="020">
      <marc:subfield code="a">344017302X</marc:subfield>
      <marc:subfield code="9">344017302X</marc:subfield>
   </marc:datafield>
   <marc:datafield ind1="3" ind2=" " tag="024">
      <marc:subfield code="a">9783440173022</marc:subfield>
   </marc:datafield>
   <marc:datafield ind1=" " ind2=" " tag="041">
      <marc:subfield code="a">ger</marc:subfield>
   </marc:datafield>
   <marc:datafield ind1=" " ind2=" " tag="300">
      <marc:subfield code="a">128 S. : Ill., 0 Illustrationen, 0 Fotografien, 0 Fotografien, 30 Illustrationen</marc:subfield>
   </marc:datafield>
</marc:record>
